| 000 | 00682nam a22002177a 4500 | ||
|---|---|---|---|
| 005 | 20250429152436.0 | ||
| 008 | 250429b |||||||| |||| 00| 0 eng d | ||
| 037 | _cTB | ||
| 040 |
_aCRL _cCRL |
||
| 041 |
_2pun _apun |
||
| 084 |
_aQ8441(Y15)xK66 R3 _qCRL |
||
| 100 |
_aSaini, Gurbux Singh _9753444 |
||
| 245 | _aSaint commander lioness mai bhago | ||
| 260 |
_aAmritsar, India: _bSingh Brothers, _c2023. |
||
| 300 | _a95p. | ||
| 365 |
_b295.00 _cINR |
||
| 650 | _aSikhism | ||
| 650 |
_awomen-Mai Bhago _9753445 |
||
| 942 |
_2CC _cTB _hQ8441(Y15)xK66 R3 _n0 |
||
| 999 |
_c1309759 _d1309759 |
||